La programación de la inversión pública en la Argentina (Registro nro. 2715)

Detalles MARC
000 -LEADER
fixed length control field 01000 a2200253 4500
001 - CONTROL NUMBER
control field 37248
005 - DATE AND TIME OF LATEST TRANSACTION
control field 20260407155641.0
008 - FIXED-LENGTH DATA ELEMENTS--GENERAL INFORMATION
fixed length control field 260407a1996 arg spa d
003 - CONTROL NUMBER IDENTIFIER
control field AR-UNSa-BCEJYS
040 ## - CATALOGING SOURCE
Original cataloging agency AR-UNSa-BCEJYS
Language of cataloging spa
Transcribing agency AR-UNSa-BCEJYS
080 ## - UNIVERSAL DECIMAL CLASSIFICATION NUMBER
Universal Decimal Classification number 330.322.14
Common auxiliary subdivision Inversión pública. Inversión estatal
020 ## - INTERNATIONAL STANDARD BOOK NUMBER
International Standard Book Number 987-99661-5-5
041 ## - LANGUAGE CODE
Language code of text/sound track or separate title spa
100 1# - MAIN ENTRY--PERSONAL NAME
Personal name Sturzenegger, Adolfo
245 10 - TITLE STATEMENT
Title La programación de la inversión pública en la Argentina
264 #1 - PRODUCTION, PUBLICATION, DISTRIBUTION, MANUFACTURE, AND COPYRIGHT NOTICE
Place of production, publication, distribution, manufacture Buenos Aires :
Name of producer, publisher, distributor, manufacturer FIEL (Fundación de Investigaciones Económicas Latinoamericanas)
Date of production, publication, distribution, manufacture, or copyright notice 1996
300 ## - PHYSICAL DESCRIPTION
Extent 215 p.
Dimensions 23 cm.
505 ## - FORMATTED CONTENTS NOTE
Formatted contents note 1. La inversión pública. Aspectos conceptuales - 2. La inversión pública en la Argentina - 3. La experiencia internacional - 4. Conclusiones y recomendaciones
590 ## - LOCAL NOTE (RLIN)
Local note niveau_biblio:m niveau_hierar:0
700 1# - ADDED ENTRY--PERSONAL NAME
Personal name Salinardi, Mario A.
700 1# - ADDED ENTRY--PERSONAL NAME
Personal name Sturzenegger, Federico
700 1# - ADDED ENTRY--PERSONAL NAME
Personal name Fundación de Investigaciones Económicas Latinoamericanas (FIEL)
942 ## - ADDED ENTRY ELEMENTS (KOHA)
Koha item type
Existencias
Withdrawn status Lost status Damaged status Not for loan Home library Current library Shelving location Date acquired Total checkouts Full call number Barcode Date last seen Price effective from Koha item type
        Biblioteca Prof. Eusebio Cleto del Rey Biblioteca Prof. Eusebio Cleto del Rey   07/04/2026   330.322.14 P964 L125486 07/04/2026 07/04/2026 Libro